JEON SOMI all songs(unitl July 2025) - Statistics

General Stats
  • This quiz has been taken 16 times
  • The average score is 10 of 16
Answer Stats
Hint Answer % Correct
XOXO XOXO
100%
Digital single BIRTHDAY
93%
3rd digital single DUMB DUMB
86%
Summer Special Single Ice Cream
86%
5th Digital Single EXTRA
71%
GAME PLAN Fast Forward
71%
2nd digital single What You Waiting For
71%
XOXO Anymore
64%
GAME PLAN Gold Gold Gold
64%
GAME PLAN The Way
57%
GAME PLAN Fxxked Up
50%
Digital single Outta My Head
50%
GAME PLAN Pisces
50%
XOXO Don't Let Me Go
36%
XOXO Watermelon
36%
4th Digital Single (Christmas) Ex-Mas
29%
No matching quizzes found
Score Distribution
Percent of People with Each Score
Percentile by Number Answered
Your Score History
You have not taken this quiz